Joaquín García Monge y el Repertorio Americano
Se presenta a don Joaquín García Monge y las facetas de su vida : escritor, político, educador ; destacando su inigualable condición de editor de la Revista Repertorio Americano.
Gorde:
| Egile nagusia: | |
|---|---|
| Formatua: | Ezezaguna |
| Argitaratua: |
Cartago, Costa Rica:
Instituto Tecnológico de Costa Rica,
|
| Gaiak: | |
| Etiketak: |
Etiketa erantsi
Etiketarik gabe, Izan zaitez lehena erregistro honi etiketa jartzen!
|
MARC
| LEADER | 000000000a22000000004500 | ||
|---|---|---|---|
| 001 | 001435 | ||
| 022 | |a 0379-74 | ||
| 041 | 0 | |a español | |
| 092 | 0 | |a Revista de Comunicación | |
| 100 | 1 | |a Mora Rodríguez, Arnoldo | |
| 245 | 1 | 0 | |a Joaquín García Monge y el Repertorio Americano |
| 260 | |a Cartago, Costa Rica: |b Instituto Tecnológico de Costa Rica, | ||
| 520 | |a Se presenta a don Joaquín García Monge y las facetas de su vida : escritor, político, educador ; destacando su inigualable condición de editor de la Revista Repertorio Americano. | ||
| 650 | 4 | |a GARCIA MONGE, JOAQUIN, 1881-1958. REPERTORIO AMERICANO | |
| 773 | 0 | |t Revista de Comunicación | |
| 773 | 0 | |g volumen 12, año 12 | |
| 773 | 0 | |g número 1 y 2 (enero-diciembre 2003) | |
| 773 | 0 | |g 2003 | |
| 773 | 0 | |g 162-166 páginas | |
| 999 | |c 1849 |d 1849 | ||
